00648nam a2200217Ia 4500003000900000005001700009008004100026040003300067041001500100080001100115100002600126245003300152260005600185300003500241650001200276650001100288650001200299942000700311952009500318999001700413LK-CoDNM20240823105740.0010623t1903 xxu||||| |||| 00| 1 eng d aLK-CoDNMdLK-CoDNMeLK-CoDNM aengaHindi a7 bO3 aRay,Praphulla Chandra aA History of Hindu Chemistry bThe Bengal Chemical PharmaceuticalaCalcuttac1903 bCXXXII, 337P. : 7ill ; 18 cm aCharaka aMetals aSusruta cBK 001041708OBCaMAINbMAINcREFd2024-08-23l0o7 O3pOB5936r2024-08-23w2024-08-23yBK c85559d85559